[Event "84th Tata Steel Masters 2022"]
[Site "Wijk aan Zee"]
[Date "2022.01.26"]
[Round "10.4"]
[White "Vidit, Santosh Gujrathi"]
[Black "Praggnanandhaa R"]
[Result "0-1"]
[WhiteElo "2727"]
[BlackElo "2612"]
[Annotator "TA"]
[PlyCount "156"]
[EventDate "2022.01.15"]
[EventType "tourn"]
[EventCountry "NED"]
[Tiebreak "Direct encounter+Number of black games"]
[SourceTitle "playchess.com"]
[Source "ChessBase"]
[SourceQuality "1"]

{[%evp 12,156,8,0,0,6,17,6,4,0,12,23,19,16,19,2,5,8,15,14,16,11,3,6,13,11,20,
18,38,25,23,16,71,64,75,62,70,22,25,25,45,31,28,39,36,44,120,79,104,81,115,33,
63,64,59,-264,-264,-264,-264,-341,-326,-292,0,-522,0,-57,-56,-96,-84,-145,-152,
-143,-131,-204,-204,-208,-196,-271,-235,-239,-237,-246,-241,-233,-224,-585,
-565,-497,-177,-162,-172,-177,-179,-208,-196,-223,-219,-189,-187,-220,-220,
-218,-218,-218,-215,-212,-211,-203,-160,-160,-158,-141,-134,-1604,-1597,-1589,
-1589,-1565,-1565,-1558,-1558,-1550,-1531,-1510,-1495,-1495,-1488,-1488,-1488,
-1473,-1473,-1441,-1358,-1466,-1452,-1441,-1441,-1407,-1411,-1378,-1371,-1342,
-1342,-1251,-1154,-766,-462]} 1. d4 Nf6 2. c4 e6 3. Nc3 Bb4 4. Qc2 O-O 5. a3
Bxc3+ 6. Qxc3 d5 7. Bg5 c5 {E36: Nimzo-Indian: Classical: 4...d5 5 a3.} 8. dxc5
d4 9. Qf3 {outshines the older 9.Qg3.} Nbd7 {The position is equal.} 10. e3 h6
(10... Nxc5 11. Bxf6 Qxf6 12. Qxf6 gxf6 13. b4 $14 (13. exd4 Nb3 $14)) (10...
d3 $5 {[%cal Rd3d2]}) 11. Bxf6 Nxf6 12. O-O-O e5 13. Ne2 $1 {[%cal Re3d4]} d3
14. Nc3 Bg4 {[#]} 15. Rxd3 $1 Qa5 16. Qg3 Qxc5 {[%cal Ob7b5]} 17. Rd2 {[#]
Black should prevent Nd5.} Be6 $146 {To avoid Nd5} ({Predecessor:} 17... Rac8
18. Bd3 Be6 19. Rhd1 Qa5 20. Kb1 Bxc4 21. Bxc4 Rxc4 22. Qf3 b5 23. Nd5 Nxd5 24.
Qxd5 Re8 25. g3 a6 26. Qd7 {½-½ (26) Woelfelschneider,P (2277)-Silva,R (2352)
ICCF email 2017}) 18. b4 Qc8 {Strongly threatening ...a5.} 19. Qxe5 {next Qd4
is good for White.} Bxc4 {[%cal Oa7a5] aiming for ...a5!} 20. Kb2 a5 {And now .
..Bxf1 would win.} 21. b5 Bxf1 (21... a4 $1 $11) 22. Rxf1 $16 Qc4 23. Rc1 a4 $1
24. Nb1 (24. Qe7 $1 $14) 24... Qb3+ $11 25. Ka1 Rac8 26. Rxc8 Rxc8 27. Qf5 Qc4
28. Rd4 Qc7 ({Black should try} 28... Qc1 $14) 29. g3 (29. Rxa4 $142 Nd7 30.
Rf4) 29... b6 30. Rxa4 Nd7 31. Re4 (31. Rd4 $16 Nf8 32. Qd3) 31... g6 32. Qf4
Qc5 $1 (32... Qc1 $2 33. Re7 Qc4 34. Rxd7 $18) 33. Qxh6 $2 {[%mdl 8192]} (33.
Rb4 $1 $14 {keeps the upper hand.}) 33... Qxb5 $19 34. a4 Qc6 {( -> ...Nc5)}
35. Qf4 Nc5 $1 36. Rc4 Rd8 $2 ({Not} 36... Nb3+ 37. Kb2 Qxc4 38. Qxc4 Rxc4 39.
Kxb3 $11) (36... Ra8 $1 $19 {...b5 is the strong threat.} 37. Kb2 b5) 37. Rc2
$2 {[%mdl 8192]} (37. Rb4 $1 $11) 37... Qh1 $2 (37... Ra8 $1 $19 {[%cal Ra8a4]}
38. Ra2 Nb3+ 39. Kb2 Qc1+ 40. Kxb3 Qxb1+ 41. Rb2 Qd1+ 42. Ka3 b5 43. Rxb5 Qa1+
44. Kb3 Qb1+ 45. Kc3 Rc8+ 46. Kd2 Rc2+ 47. Kd3 Qd1+ 48. Ke4 Rc4+ 49. Ke5 Rxf4
50. gxf4 Qxa4) 38. Qb4 {[#]} (38. Qc4 $1 $11) 38... Nxa4 $1 $15 {[%cal Ob6b5]}
39. Rd2 {White is on the road to losing.} (39. f4 Ra8) 39... Rc8 {[%mdl 1024]
Black has strong compensation.} 40. Qe7 ({White should play} 40. Qxa4 Ra8 41.
Qxa8+ Qxa8+ 42. Kb2) 40... Qa8 $1 $36 {[%mdl 2048] Hoping for ...Nc3+. White
is under strong pressure.} ({Don't play} 40... Qxh2 41. Rd8+ Rxd8 42. Qxd8+ Kh7
43. Qf6 $16) 41. Ra2 b5 42. Qb4 (42. f4 $17) 42... Qh1 $19 43. Ra3 {Prevents
Nc3.} Qxh2 44. Qd2 ({Wrong is} 44. Qxb5 $2 Qh8+ 45. Ka2 Rc2+ 46. Kb3 Rb2+ 47.
Kxa4 Rxb5 48. Kxb5 Qb2+ 49. Kc4 Qxb1 $19) (44. f4 {was the only defense.})
44... Qh5 45. f4 Qf5 46. Qd3 Qf6+ 47. Qd4 Qe7 48. Rb3 $2 (48. g4 {is tougher.})
48... Ra8 {Threatens to win with ...Nc5+.} 49. Ra3 Rd8 {Prevents Qd5.} (49...
b4 50. Ra2 Rd8 $1) 50. Qe5 Qxe5+ 51. fxe5 {[%mdl 4096] Endgame KRN-KRN} Re8 52.
Rb3 Rxe5 53. Na3 Nc5 54. Rxb5 {[#]} Rxe3 $1 55. Nc4 Re1+ 56. Kb2 Ne4 57. g4
Re2+ 58. Kc1 Nf2 59. g5 Kg7 60. Nd2 Re8 61. Kb2 Rc8 {Black is more active.} 62.
Rd5 $2 {[%mdl 8192]} (62. Kb3 $17) 62... Nd1+ {Black is clearly winning.} 63.
Ka3 Ne3 64. Rd3 {[#]} Nc4+ $1 65. Kb4 Nxd2 66. Rxd2 {KR-KR} Rc1 67. Ra2 Kg8 68.
Ra8+ {[#]} Kh7 $1 69. Ra2 Kg7 70. Ra5 Kf8 71. Ra7 Ke8 72. Ra5 Kd7 73. Ra6 Ke7
74. Ra2 Ke6 75. Ra5 Rf1 76. Ra6+ Ke5 77. Ra5+ Kf4 78. Kc3 Kg4 {Weighted Error
Value: White=0.41/Black=0.23 (precise)} 0-1

[Event "84th Tata Steel Masters 2022"]
[Site "Wijk aan Zee"]
[Date "2022.01.26"]
[Round "10.5"]
[White "Caruana, Fabiano"]
[Black "Rapport, Richard"]
[Result "0-1"]
[WhiteElo "2792"]
[BlackElo "2763"]
[Annotator "TA"]
[PlyCount "84"]
[EventDate "2022.01.15"]
[EventType "tourn"]
[EventCountry "NED"]
[Tiebreak "Direct encounter+Number of black games"]
[SourceTitle "playchess.com"]
[Source "ChessBase"]
[SourceQuality "1"]

{[%evp 11,84,18,16,7,12,8,21,-10,0,-13,0,12,12,15,17,14,23,25,21,22,23,23,24,
21,32,27,22,0,14,0,0,-59,-72,-77,-56,-48,-55,-70,-46,-35,-38,-53,-48,-48,-33,
-47,-49,-45,-37,-76,-29,-42,-27,-38,-39,-41,-16,-67,-68,-105,-91,-179,-167,
-165,-139,-282,-253,-920,-902,-853,-826,-4837,-4825,-29984,-6111]} 1. c4 e6 2.
Nc3 Nf6 3. e4 c5 4. e5 Ng8 5. d4 cxd4 6. Qxd4 Nc6 7. Qf4 {is currently scoring
better than 7.Qe4. A19: English Opening: Flohr-Mikenas System with 3...c5.} d6
8. Nf3 Nh6 {[#]} 9. exd6 $146 {The position is equal.} ({Predecessor:} 9. Bd2
dxe5 10. Nxe5 Bd6 11. Nxc6 Bxf4 12. Nxd8 Bxd2+ 13. Kxd2 Kxd8 14. Bd3 Ke7 15.
Rhe1 {1-0 (84) Dubov,D (2710)-Pichot,A (2630) chess24.com INT 2021}) 9... Bxd6
10. Qg5 Qxg5 11. Bxg5 f5 12. O-O-O Bc5 {[#]} 13. Ne5 $1 {Strongly threatening
Nxc6.} Nf7 14. Nxc6 bxc6 15. Be3 Bxe3+ 16. fxe3 Ke7 17. Be2 g5 18. Na4 {
[%cal Oe3e4]} h5 19. Nc5 h4 20. g4 Ne5 21. Rd4 ({White should play} 21. Rhg1
$11) 21... Nxg4 $15 22. Bxg4 e5 23. Rd2 {Black must now prevent Be2.} fxg4 24.
Nd3 Rh6 25. Nxe5 Re6 26. Nxg4 Re4 {[%csl LRc4,LRg4]} 27. Nf2 $1 Rxc4+ 28. Rc2
Rxc2+ 29. Kxc2 {[%mdl 4096] Endgame KRB-KRN} Be6 30. Rg1 Rf8 (30... Rg8 $17)
31. Nd3 $11 g4 32. Nf4 {aiming for Ng6+.} Bf5+ 33. Kd2 {[%cal Oe3e4]} Rd8+ 34.
Ke2 (34. Kc3 $11) 34... Kf6 $15 35. b3 a5 36. Ke1 (36. Rc1 $17 {was called for.
}) 36... Ke5 37. Ng2 Rh8 {...g3 is the strong threat.} ({Inferior is} 37... g3
38. Nxh4 gxh2 39. Rh1 $11) 38. Nf4 {This costs White the game.} (38. Kf2 $17 {
was the only defense.}) 38... g3 $19 39. Rg2 $2 (39. Kd2) 39... Be4 40. Rd2 h3
41. a3 {[#]} Rd8 $3 {[%mdl 512] ( -> ...Rxd2)} 42. Rb2 (42. Nxh3 Rxd2) 42...
Bf3 {Weighted Error Value: White=0.88/Black=0.04 (flawless)} 0-1

[Event "84th Tata Steel Masters 2022"]
[Site "Wijk aan Zee"]
[Date "2022.01.26"]
[Round "10.6"]
[White "Esipenko, Andrey"]
[Black "Van Foreest, Jorden"]
[Result "1-0"]
[WhiteElo "2714"]
[BlackElo "2702"]
[Annotator "TA"]
[PlyCount "119"]
[EventDate "2022.01.15"]
[EventType "tourn"]
[EventCountry "NED"]
[Tiebreak "Direct encounter+Number of black games"]
[SourceTitle "playchess.com"]
[Source "ChessBase"]
[SourceQuality "1"]

{[%evp 12,119,1,8,0,0,0,-15,-21,-23,-23,-17,-28,-28,-13,-18,-10,-12,0,0,0,0,0,
0,0,0,31,23,31,0,31,0,31,37,38,34,33,31,52,36,56,54,45,54,104,100,252,251,242,
245,253,247,414,139,139,139,139,108,113,81,81,81,81,81,81,81,81,81,94,81,118,
92,91,91,91,113,113,104,423,412,411,556,548,504,463,441,355,328,543,547,476,
449,460,353,354,454,422,403,687,601,4520,4444,3671,3829,3952,3368,5118,1787,
1288,787]} 1. e4 e5 2. Nf3 Nc6 3. Bc4 Nf6 4. d3 Bc5 5. Nc3 h6 6. Be3 Bb6 7. Nd5
d6 {C50: Hungarian Defence and Giuoco Pianissimo.} 8. h3 Bxe3 9. fxe3 {[#]} Na5
$146 {The position is equal.} ({Predecessor:} 9... O-O 10. O-O Na5 11. Nd2 Nxd5
12. Bxd5 c6 13. Bb3 Nxb3 14. Nxb3 Qg5 15. Qf3 Be6 {0-1 (43) Muniz,H (1279)
-Faris,R (1720) Sao Paulo 2022}) 10. Nxf6+ Qxf6 11. Bb3 Nxb3 12. axb3 O-O {
[%cal Bh8f8,Bf8f5,Bf5g5][%mdl 32]} 13. O-O Qe7 14. Qe1 f5 15. exf5 Rxf5 16. Qb4
c5 17. Qe4 Be6 18. Nh4 Rg5 19. Qf3 a6 20. e4 Rd8 21. Rf2 Kh7 22. Kh2 Qc7 23.
Qe2 a5 24. Raf1 b5 25. Rf8 a4 26. bxa4 bxa4 27. c4 Qe7 ({Black should play} 
27... Qb8 $14 28. R8f2 Qa7) 28. Qf3 $1 $16 Bg8 $2 (28... Re8 $16) 29. Rxd8 $18
Qxd8 30. Qf8 Qa5 31. Rf2 {Prevents Qd2.} (31. Qxd6 Qd2 $14) 31... Be6 $2 (31...
a3) 32. Re2 $2 (32. g4 $1 $18 {is the precise move to win.}) 32... a3 $16 33.
bxa3 Qxa3 34. Qxd6 Bxc4 35. dxc4 Qg3+ 36. Kh1 $1 Qxh4 37. Qxc5 {[%mdl 4096]
Endgame KQR-KQR} Qf4 {( -> ...Qf1+)} 38. Qe3 {Active counter play!} Qf1+ 39.
Kh2 Rg6 40. c5 Rc6 41. Rc2 Qd1 42. Qf2 Qd3 43. Qf5+ Rg6 44. Rf2 {Rf3 is the
strong threat.} Qc3 {[%mdl 8192]} (44... Qg3+ $16 {is more resistant.} 45. Kg1
Qe3) 45. Rf3 $18 Qxc5 {[#]} 46. h4 $1 {White threatens h5 and mate.} h5 47. Rg3
Qd6 48. Rg5 (48. Qxh5+ Rh6 49. Qg5 Qf8 $16) 48... Qc6 49. g3 {Black must now
prevent Kg2.} ({Weaker is} 49. Qxe5 Rxg5 50. Qxg5 (50. hxg5 Qc4 $16) 50... Qxe4
$16) 49... Qa6 $2 {[#]} (49... Qe6 50. Rxh5+ Kg8 51. Qxe5 Qa2+ 52. Kh3 Qe6+ 53.
Kg2 Qa2+ 54. Kh3 Qe6+ 55. Kh2 Qxe5 56. Rxe5 Kf7 57. Rf5+ Kg8) 50. Kh3 $1 ({
Less strong is} 50. Rxh5+ Kg8 51. Qf3 (51. Qxe5 Qe2+ 52. Kg1 Qe1+ 53. Kh2 Qe2+
54. Kh3 Qf1+ 55. Kh2 Qe2+ $11) 51... Re6 $16) 50... Qc6 51. Rxh5+ Kg8 52. Qxe5
Rd6 53. Qc5 Qd7+ 54. Qf5 {Threatens to win with Qxd7.} Re6 (54... Qe6 $142 55.
Kg4 g6) 55. Qd5 {White is clearly winning.} Qxd5 56. exd5 Re4 57. Rg5 Rd4 58.
h5 {Strongly threatening h6.} Rd3 59. Kh4 (59. h6 $142 Rd1 60. Kg4 Rd4+ 61. Kf3
) 59... Kf7 60. Rf5+ {Weighted Error Value: White=0.12 (very precise) /Black=0.
32} 1-0

[Event "84th Tata Steel Masters 2022"]
[Site "Wijk aan Zee"]
[Date "2022.01.26"]
[Round "10.7"]
[White "Dubov, Daniil"]
[Black "Grandelius, Nils"]
[Result "0-1"]
[WhiteElo "2720"]
[BlackElo "2672"]
[Annotator "TA"]
[PlyCount "164"]
[EventDate "2022.01.15"]
[EventType "tourn"]
[EventCountry "NED"]
[Tiebreak "Direct encounter+Number of black games"]
[SourceTitle "playchess.com"]
[Source "ChessBase"]
[SourceQuality "1"]

{[%evp 10,164,14,16,14,8,7,7,8,6,15,0,0,0,0,-20,-19,-13,0,0,0,0,0,0,0,0,0,0,0,
0,0,0,-27,-94,-111,-112,-119,-160,-105,-157,-44,-83,0,-136,-138,-173,-123,-231,
-237,-225,-231,-235,-208,-222,0,-223,-213,-245,-225,-217,-202,-315,0,-159,-81,
-74,-82,-68,-75,-72,-77,-81,-77,-85,-65,-54,-34,-94,-86,-242,-250,-252,-266,
-261,-255,-289,-264,-243,-215,-266,-250,-275,-271,-278,-245,-264,-256,-233,
-134,-134,-129,-133,-125,-133,-135,-518,-516,-498,-491,-506,-490,-462,-423,
-420,-415,-461,-461,-461,-461,-461,-454,-446,-433,-380,-365,-345,-70,-70,-70,
-70,0,0,0,-70,-69,-69,-69,-69,-69,-69,-69,-69,-69,-1515,-1515,-1508,-1508,
-1063,-1031,-1512,-1080,-1035,-1020,-1015,-866,-29980,-29981]} 1. Nf3 c5 2. e4
d6 3. Bb5+ Bd7 4. Bxd7+ Nxd7 5. c3 Ngf6 6. Qe2 e6 {B50: Sicilian: 2...d6,
Miscellaneous.} 7. d4 cxd4 8. cxd4 d5 {The position is equal.} 9. e5 Bb4+ 10.
Bd2 Bxd2+ 11. Nbxd2 Ng8 {[%cal Bf6g8,Bg8e7,Be7c6][%mdl 32] [#]} 12. O-O-O $146
({Predecessor:} 12. O-O Ne7 13. Rac1 O-O 14. Qb5 Nb6 15. Rc3 Nc6 16. a3 Rc8 17.
Rfc1 h6 18. h3 {1-0 (72) Riazantsev,A (2634)-Matlakov,M (2674) Warsaw 2021})
12... Ne7 13. Kb1 Nc6 14. h4 Qb6 15. Qe3 Rc8 16. h5 h6 17. g4 Qb5 18. Rc1 O-O
19. a3 {Inhibits Nb4.} Ne7 $1 20. Nh4 Nb6 21. Ka2 (21. f4 $11 {remains equal.})
21... Nc4 $17 {[%csl Gc4][%cal Rb5b2]} (21... Na4 22. b3 $11) 22. Qb3 Qa6 23.
Nhf3 ({White should play} 23. Qd3) 23... Rc6 (23... Rc7 $142 $1 24. Qd3 Rfc8)
24. Qd3 (24. Qb4 $142 Re8 25. Nb3) 24... Qb5 ({Black should try} 24... Rfc8 $17
25. Nb3 Rb6) 25. Qb3 $1 $15 Qa6 (25... Qxb3+ $142 26. Nxb3 f6) 26. Qd3 $1 $17
Rfc8 $40 {[%mdl 128] Black goes for the king.} 27. Rc3 Nxd2 (27... b5 $19 {
White must now prevent ...b4.} 28. Rg1 b4) 28. Qxd2 (28. Qxa6 $17 {might work
better.} bxa6 29. Rxc6 Nxc6 30. Nxd2) 28... Rxc3 $19 29. bxc3 Qc4+ 30. Kb2 Qb5+
31. Ka2 Qc4+ 32. Kb2 $1 Rc6 33. Qc2 Rb6+ 34. Kc1 Ra6 35. Kb2 (35. Qb2 $142)
35... Rb6+ (35... Nc6 $19 {Strongly threatening ...Rb6+.} 36. g5 Qb5+ 37. Ka2
Qc4+ 38. Kb2 Qb5+ 39. Ka2 Na5) 36. Kc1 $17 Qb3 (36... Nc6 $142 {Hoping for ...
Qa6.} 37. Kd2 Na5) 37. Qxb3 Rxb3 {[%cal Bb6b3,Bb3a3,Ba3a4,Ba4b4][%mdl 4128]
Endgame KRN-KRN} 38. Kc2 Rxa3 39. Kb2 {Prevents Ra2+.} Ra4 40. Nd2 Nc6 41. Nb3
b5 42. Rc1 Na5 43. Nd2 (43. Nxa5 $15 Rxa5 44. f4) 43... b4 44. cxb4 (44. c4 $17
) 44... Rxb4+ $19 45. Kc3 Nc6 46. Kd3 Nxd4 ({Not} 46... Rxd4+ 47. Ke3 $11) 47.
Rc8+ Kh7 48. Rc7 a5 49. Rxf7 Nc6 {[%csl LRe5,LRg4]} 50. f4 a4 $1 51. Rc7 Rb6
52. Rc8 a3 53. Ra8 Nb4+ (53... a2 $1 $19 {Threatens to win with ...Nb4+.} 54.
Kc3 Rb4) 54. Kc3 $17 Na6 55. Nb3 a2 {[%cal Ob6b3] aiming for ...Rxb3+!} 56. Na1
Rb1 57. Nc2 {[%mdl 8192]} (57. Rxa6 $17 Rxa1 58. Kc2) 57... a1=Q+ 58. Nxa1 Rxa1
$19 {KRN-KR} 59. f5 exf5 60. gxf5 Rc1+ 61. Kd2 Rf1 {...Nc5 is the strong
threat.} 62. f6 Nc5 63. Ra7 {[#]} Kg8 $1 64. Rxg7+ Kf8 65. Rc7 Ne6 66. Rb7 Ng5
({Inferior is} 66... Rf5 67. Rb8+ Kf7 68. Rb7+ Kg8 69. Rb8+ Kh7 70. Rb7+ Kh8
71. Rb8+ Kh7 72. Rb7+ Kh8 73. Rb8+ Kh7 $11) 67. Ke3 Rf5 $2 ({Better is} 67...
Re1+ $19 68. Kf4 d4) 68. Rb8+ $15 Kf7 69. Rb7+ Kf8 (69... Ke8 $5 {[%cal Rf5e5]}
70. Re7+ Kf8 $15) 70. Rb8+ Kf7 71. Rb7+ Ke8 72. Re7+ Kf8 73. Kd4 Nf7 $1 74.
Kxd5 Rxh5 75. Ke4 {Inhibits Rf5.} Rg5 76. Kf4 $2 {[%mdl 8192] [#]} (76. Re6 $15
) 76... Nh8 $1 $19 77. Ke4 Ng6 78. Rh7 Rxe5+ 79. Kd4 h5 80. Rg7 Rg5 81. Rh7 Ne5
{( -> ...Nf7)} 82. Rg7 Nf7 {Weighted Error Value: White=0.22 (precise) /
Black=0.24 (precise)} 0-1

[Event "84th Tata Steel Masters 2022"]
[Site "Wijk aan Zee"]
[Date "2022.01.28"]
[Round "11.1"]
[White "Carlsen, Magnus"]
[Black "Vidit, Santosh Gujrathi"]
[Result "1/2-1/2"]
[WhiteElo "2856"]
[BlackElo "2727"]
[Annotator "TA"]
[PlyCount "102"]
[EventDate "2022.01.15"]
[EventType "tourn"]
[EventCountry "NED"]
[Tiebreak "Direct encounter+Number of black games"]
[SourceTitle "playchess.com"]
[Source "ChessBase"]
[SourceQuality "1"]

{[%evp 10,102,19,6,6,6,15,0,0,0,0,-8,0,-16,9,15,10,5,13,18,14,15,22,17,17,-4,0,
0,0,0,14,0,0,0,0,0,0,0,0,0,0,0,0,0,10,7,7,11,95,83,83,83,420,415,389,368,312,
362,359,308,272,206,162,0,0,0,0,0,0,0,0,0,0,0,4,0,0,0,0,0,0,0,0,0,0,0,0,0,0,0,
0,0,0,0,0]} 1. e4 e5 2. Bc4 Nf6 3. d3 Nc6 4. Nf3 Bc5 5. Nc3 h6 6. h3 a6 {
C50: Hungarian Defence and Giuoco Pianissimo.} 7. a4 {7.Be3 is a critical line.
} d6 8. Be3 Bxe3 9. fxe3 Be6 10. b3 O-O 11. O-O {[#]} d5 $146 ({Predecessor:} 
11... Nb8 12. Bxe6 fxe6 13. d4 Nbd7 14. Qd3 Qe7 15. a5 Rac8 16. Qc4 Kh7 17.
Rad1 exd4 18. exd4 {1-0 (45) Aronian,L (2772)-Giri,A (2772) Warsaw 2021}) 12.
exd5 Nxd5 13. Qd2 Nxc3 14. Qxc3 Qd6 15. Nd2 f5 {Inhibits Ne4.} 16. Bxe6+ Qxe6
17. Qc4 Qxc4 18. bxc4 e4 19. d4 f4 20. Rxf4 Rxf4 21. exf4 Nxd4 22. Nxe4 $11 {
[%mdl 4096] Endgame KRN-KRN} Ne2+ 23. Kf2 Nxf4 24. Rb1 b6 25. c5 Rf8 26. cxb6 {
Threatens to win with b7.} cxb6 27. c4 Nd5+ 28. Ke2 Re8 29. cxd5 $16 Rxe4+ {
KR-KR} 30. Kd3 Rxa4 {[%mdl 8192]} (30... Rf4 $16 {is a better chance.}) 31. d6
$1 $18 Kf7 32. Re1 Ra5 33. Kd4 {To avoid Rd5+. Hoping for d7.} Ra2 {[#]} 34.
Kd5 $1 {And now d7 would win.} ({Stronger than} 34. Re7+ Kf6 $11) 34... Rd2+ (
34... Rxg2 $2 35. d7 $18 (35. Re7+ Kf6 $16)) 35. Kc6 b5 {[#]} 36. d7 $2 (36.
Re7+ $1 $18 Kf6 37. Re4) 36... Rc2+ $1 $11 {The position is equal.} 37. Kb6 Rd2
38. Kc7 {White threatens Re8 and mate.} Rc2+ 39. Kd8 b4 $1 (39... Rxg2 $2 40.
Rf1+ Kg8 41. Rd1 $18) 40. Re7+ Kf8 41. Re3 Kf7 (41... Rxg2 $2 42. Rf3+ Kg8 43.
Rd3 $18) 42. Re7+ Kf8 43. Re5 {Black must now prevent Rf5+.} g6 {Inhibits Rf5+.
} (43... Rxg2 $2 44. Rf5+ Kg8 45. Kc7 $18) 44. Re6 {Strongly threatening Rf6+.}
b3 45. Rf6+ Kg7 46. Ke7 {Intending Rf7+ and mate.} Re2+ 47. Re6 Rxe6+ 48. Kxe6
b2 49. d8=Q {Qe7+ would kill now.} b1=Q {( -> ...Qe1+)} 50. Qc7+ Kg8 {...Qf5+
is the strong threat.} 51. Qd8+ Kg7 {Blacks defense is rewarded with a draw. 
Weighted Error Value: White=0.05 (flawless) /Black=0.21 (precise)} 1/2-1/2

[Event "84th Tata Steel Masters 2022"]
[Site "Wijk aan Zee"]
[Date "2022.01.28"]
[Round "11.2"]
[White "Van Foreest, Jorden"]
[Black "Giri, Anish"]
[Result "1-0"]
[WhiteElo "2702"]
[BlackElo "2772"]
[Annotator "TA"]
[PlyCount "83"]
[EventDate "2022.01.15"]
[EventType "tourn"]
[EventCountry "NED"]
[Tiebreak "Direct encounter+Number of black games"]
[SourceTitle "playchess.com"]
[Source "ChessBase"]
[SourceQuality "1"]

{[%evp 10,83,-16,-27,-26,-29,-27,-15,-20,-38,0,17,36,38,42,30,33,18,31,0,0,0,
76,79,63,0,0,0,0,16,11,0,8,31,48,44,102,98,98,98,98,98,270,254,252,225,485,494,
720,731,727,720,705,668,602,357,355,354,436,413,714,662,610,734,700,706,765,
780,1522,1474,2887,1722,3870,3162,2133,1867]} 1. d4 Nf6 2. c4 e6 3. Nc3 Bb4 4.
a3 Bxc3+ 5. bxc3 b6 6. f3 {[%cal Bf2f3,Bf3f4][%mdl 32]} Nc6 {E24: Nimzo-Indian:
Sämisch: Unusual Black 5th moves and 5...c5 sidelines.} 7. e4 Na5 8. Bd3 Ba6 {
The position is equal.} 9. Qe2 d6 ({Better is} 9... c5 $15) 10. f4 $11 Qd7 11.
Nf3 $1 Qa4 {[%cal Ra6c4]} 12. Nd2 {[#]} e5 $146 ({Predecessor:} 12... O-O-O 13.
O-O Nd7 14. Rb1 Nb8 15. Rb5 c5 16. Rb1 Rd7 17. f5 exf5 18. exf5 Nbc6 {0-1 (56)
Deze,V (2220)-Aleksic,N (2420) Barcelona 1991}) 13. O-O (13. dxe5 dxe5 14. Rb1
(14. fxe5 Nd7 $17) 14... Nc6 $15) 13... O-O 14. fxe5 (14. dxe5 dxe5 15. Rb1 (
15. fxe5 Nd7 $17) 15... Qc6 $17) 14... dxe5 15. Rb1 (15. dxe5 Nd7 16. Qh5 Rae8
$17) 15... c5 {[#]} (15... Nd7 $11 {remains equal.}) 16. Rxf6 $1 $16 gxf6 {[#]}
17. Qf3 (17. Nb3 $1 $14 {feels stronger.}) 17... Qc6 $11 ({Don't do} 17... cxd4
18. Nb3 $1 Qc6 19. Nxa5 (19. Bh6 f5 $11) 19... bxa5 20. Bh6 $14) (17... exd4
18. e5 Rfe8 19. exf6 $18) (17... Bxc4 $2 18. Nxc4 h6 19. Bxh6 $1 $18) 18. d5
Qd6 19. Nf1 Kh8 {[%cal Of6f5]} (19... Bxc4 $2 20. Ne3 (20. Bh6 f5 $14) 20...
Kh8 21. Bxc4 $18) (19... Nxc4 $2 20. Bxc4 (20. Bh6 f5 $16) 20... Bxc4 21. Ne3
$18) 20. Ne3 {[%mdl 1024] White has compensation.} Bc8 21. Bd2 {[%cal Bc1d2,
Bd2e1,Be1h4][%mdl 32]} Rg8 22. Be1 Rg6 {[#]} (22... f5 $1 $14) 23. Bh4 $1 $16
Rh6 {[#]} 24. Qf2 {White is more active.} Bd7 25. Rf1 Kg7 $2 {Black cannot
hold the game after this.} (25... Nb7 $16) 26. Be2 $18 Rg6 {Inhibits Bg4.} 27.
h3 Bxh3 $2 (27... Rg8 28. Bh5 Rh6) 28. Bh5 Bd7 (28... Rf8 $142 29. Bxg6 fxg6
30. gxh3 h5) 29. Bxg6 fxg6 30. Bxf6+ ({Not} 30. Qxf6+ Qxf6 31. Bxf6+ Kg8 $16)
30... Kg8 31. Qh4 {Threatens to win with Be7.} Rf8 32. Rf3 {Black must now
prevent Be7.} Rf7 {Inhibits Be7.} 33. Qg5 Qf8 34. Qxe5 {Strongly threatening
Qg5.} Nb7 (34... h6 $142 35. Rf2 Nb7) 35. Qf4 {White is clearly winning.} Nd6 {
[%cal Od6e4]} 36. e5 {[%cal Be4e5,Be5f6][%mdl 32]} Ne8 37. d6 Nxf6 38. exf6 Qe8
39. Nd5 {Hoping for Ne7+.} Qe1+ 40. Kh2 Qd1 41. Ne7+ Kh8 {[#]} 42. Rh3 $1 {
[%mdl 512] Weighted Error Value: White=0.14 (very precise) /Black=0.37} 1-0

[Event "84th Tata Steel Masters 2022"]
[Site "Wijk aan Zee"]
[Date "2022.01.28"]
[Round "11.3"]
[White "Mamedyarov, Shakhriyar"]
[Black "Karjakin, Sergey"]
[Result "1/2-1/2"]
[WhiteElo "2767"]
[BlackElo "2743"]
[Annotator "TA"]
[PlyCount "46"]
[EventDate "2022.01.15"]
[EventType "tourn"]
[EventCountry "NED"]
[Tiebreak "Direct encounter+Number of black games"]
[SourceTitle "playchess.com"]
[Source "ChessBase"]
[SourceQuality "1"]

{[%evp 15,46,0,0,0,0,0,0,0,0,0,0,-2,-8,-14,-11,-9,0,0,0,-12,-30,-24,0,0,0,0,4,
0,0,0,9,0,0]} 1. e4 e5 2. Nf3 Nc6 3. Bc4 Bc5 4. c3 Nf6 5. d4 exd4 6. e5 d5 7.
Bb5 Ne4 8. cxd4 Bb6 9. Nc3 {C54: Giuoco Piano: 4 c3 Nf6, main lines with 5 d4
and 5 d3.} Bg4 {[%cal Bc8g4,Bg4h5,Bh5g6,Bg6e4][%mdl 32]} 10. h3 Bh5 11. Be3 O-O
12. g4 Bg6 13. O-O f5 {[#] With the idea ...f4.} 14. exf6 $146 ({Predecessor:} 
14. Nxe4 dxe4 15. Bg5 Qd5 16. Ba4 Kh8 17. Bb3 Qa5 18. d5 exf3 19. dxc6 Qxe5 20.
Qxf3 fxg4 21. Qxg4 {0-1 (60) Reshef,O (2429)-Mindlin,A (2412) Kiryat Ono 2016})
14... Qxf6 {[#] ...Nxc3 is the strong threat.} 15. Bxc6 bxc6 16. Ne5 Qh4 17.
Nxe4 Bxe4 18. Kh2 c5 (18... Qe7 $5 {[%cal Rc6c5]} 19. f4 (19. f3 c5 $15) 19...
c5 20. dxc5 Bxc5 21. Bxc5 Qxc5 $11) 19. dxc5 {[#] Strongly threatening Qd4.
The position is equal.} Qe7 $1 {[%csl LRc5,LRe5]} 20. Nc6 Qd7 $132 {[%mdl 2048]
Black is fighting back} 21. Ne5 Qe7 {[%csl LRc5,LRe5]} 22. Nc6 Qd7 23. Ne5 Qe7
$1 {[%csl LRc5,LRe5] An interesting draw.  Weighted Error Value: White=0.03 
(flawless) /Black=0.03 (flawless)} 1/2-1/2